Statistics for Countries Starting with D and their Capitals

Click here to take the quiz!

General Stats

  • This quiz has been taken 64 times
  • The average score is 9 of 10

Answer Stats

Country% Correct
Copenhagen
100%
Democratic {Republic of the Congo}
100%
Denmark
100%
Djibouti
93%
Djibouti
93%
Kinshasa
91%
Dominica
89%
Dominican Republic
89%
Santo Domingo
79%
Roseau
64%

Score Distribution

Percentile by Number Answered

Percent of People with Each Score

Your Score History

You have not taken this quiz